| 000 -LEADER |
| fixed length control field |
00922cam a2200241 i 4500 |
| 003 - CONTROL NUMBER IDENTIFIER |
| control field |
OSt |
| 005 - DATE AND TIME OF LATEST TRANSACTION |
| control field |
20240711194039.0 |
| 008 - FIXED-LENGTH DATA ELEMENTS--GENERAL INFORMATION |
| fixed length control field |
210419s2022 maua b 000 0 eng |
| 020 ## - INTERNATIONAL STANDARD BOOK NUMBER |
| International Standard Book Number |
9780262543514 |
| Qualifying information |
(paperback) |
| 042 ## - AUTHENTICATION CODE |
| Authentication code |
pcc |
| 082 00 - DEWEY DECIMAL CLASSIFICATION NUMBER |
| Classification number |
728 |
| Edition number |
23 |
| 110 2# - MAIN ENTRY--CORPORATE NAME |
| Corporate name or jurisdiction name as entry element |
Dogma (Architectural office), |
| Relator term |
author. |
| 245 10 - TITLE STATEMENT |
| Title |
Living and working / |
| Statement of responsibility, etc |
Dogma. |
| 300 ## - PHYSICAL DESCRIPTION |
| Extent |
318 pages : |
| Other physical details |
illustrations ; |
| Dimensions |
28 cm |
| 504 ## - BIBLIOGRAPHY, ETC. NOTE |
| Bibliography, etc |
Includes bibliographical references. |
| 520 ## - SUMMARY, ETC. |
| Summary, etc |
"A catalogue of architectural projects and accompanying essays by the Brussels-based Dogma, all dealing with the idea of domestic space, but more radically a manifesto of sorts for a new, synthetic approach to living and working"-- |
| 610 20 - SUBJECT ADDED ENTRY--CORPORATE NAME |
| Corporate name or jurisdiction name as entry element |
Dogma (Architectural office) |
| 650 #0 - SUBJECT ADDED ENTRY--TOPICAL TERM |
| Topical term or geographic name as entry element |
Domestic space. |
| 650 #0 - SUBJECT ADDED ENTRY--TOPICAL TERM |
| Topical term or geographic name as entry element |
Work environment. |
| 700 1# - ADDED ENTRY--PERSONAL NAME |
| Personal name |
Aureli, Pier Vittorio, |
| Relator term |
author. |
| 700 1# - ADDED ENTRY--PERSONAL NAME |
| Personal name |
Tattara, Martino, |
| Dates associated with a name |
1976- |
| Relator term |
author. |
| 942 ## - ADDED ENTRY ELEMENTS (KOHA) |
| Source of classification or shelving scheme |
|